| 000 | 00761nam a22001937a 4500 | ||
|---|---|---|---|
| 999 |
_c62816 _d62816 |
||
| 003 | Ge_BSU | ||
| 005 | 20250304105323.0 | ||
| 008 | 250304s1955 ge ||||| |||| 00| 0 geo d | ||
| 041 | _ageo | ||
| 080 | _a616.832.21.002 ქ-15 | ||
| 100 |
_aქავთარაძე, პ. _919187 |
||
| 245 |
_aმწვავე პოლიომიელიტი / _c ქავთარაძე, შ. კიკვიძე. |
||
| 264 |
_aთბილისი : _bსაქმედგამი, _c 1955. |
||
| 300 |
_a92 გვ. : _bილ. ; _c21 სმ. |
||
| 653 | _aმწვავე პოლიომიელიტი | ||
| 653 | _aმედიცინა | ||
| 700 |
_aკიკვიძე, შ. _eავტორი _924436 |
||
| 942 |
_2udc _cᲬᲘᲒᲜᲘ |
||